| 000 | 00563cab a22001935a 4500 | ||
|---|---|---|---|
| 001 | L158951 | ||
| 008 | 150526e2015 xxk 000 0 eng d | ||
| 035 | _a(Sirsi) u158951 | ||
| 041 | 0 | _aeng | |
| 100 | 1 | _aThomas, Paul | |
| 245 | 0 | 0 | _aOn the safe side |
| 490 |
_aConstruction Journal _vNovember/December 2015, 6-8 (3) |
||
| 520 | _aExplains important changes to the Construction (Design and Management) Regulations. | ||
| 650 | 2 | 4 | _aCDM 2015 |
| 650 | 2 | 4 | _aPRINCIPAL DESIGNER |
| 651 | 4 |
_aUnited Kingdom _y |
|
| 690 |
_aHealth and safety _96244 |
||
| 942 | _n0 | ||
| 999 |
_c84746 _d84746 |
||